| 000 | 00990 a2200205 4500 | ||
|---|---|---|---|
| 003 | Nust | ||
| 005 | 20220812140922.0 | ||
| 020 | _a812-97-0522-2 | ||
| 040 | _cNust | ||
| 082 | _a005.133,DOU | ||
| 100 |
_aDouglass, Bruce Powel _956467 |
||
| 245 |
_aReal Time UML : _bAdvances In The UML For Real-TIme System / _cBruce Powel Douglass, |
||
| 250 | _a3rd ed. | ||
| 260 |
_aPearson _bIndia _c2004 |
||
| 300 | _axlix, 694 p.: | ||
| 505 | _aIntroduction to the World of RealTime (Page-1), Object Orientation with (Page-77), Object Orientation with UML 2 0 (Page-139),UML Profile for Schedulability Performance (Page-215), Requirements Analysis of RealTime Systems (Page-277), Analysis Object Domain Analysis (Page-331), Analysis Defining Object Behavior(Page-399), Architectural Design(Page-473),Mechanistic Design (Page-527),Special Topic C4ISR Architecture and the UML (Page-617). | ||
| 650 |
_aReal Time UML _997016 |
||
| 651 |
_aCovers UML 2.0 _997017 |
||
| 942 |
_cBK _2ddc _k005.133,DOU |
||
| 999 |
_c213165 _d213165 |
||